000
00316nam a2200133Ia 4500
008
231228s1999 xx 000 0 und d
041
_a
eng
082
_a
005.4`3
_b
JIM
100
_a
JIM (Parker)
245
_a
Linux Unleashed
250
_a
1st
260
_a
New Delhi
_b
Techmedia New Delhi
_c
1999
300
_a
1114
999
_c
1087403
_d
1087403